000 01102nam a22002897a 4500
005 20180226142113.0
010 _aENG-107513
020 _a9788122202281
_c240.00
020 _a8122202281
_c240.00
035 _aEN-91046
035 _aB-528567-575
035 _aB-667667(AV)
037 _bDBAD/PUB
037 _bKKP/Ven
_adpl
082 _a616.857
100 _aKandel, Joseph
245 _aOvercoming migraines and other headaches :
_cby Joseph Kandel [and] David Sudderth
_ba complete and positive guide to medical solutions and alternative therapies /
260 _aNew Delhi
_bOrient Paperbacks
_c2008
270 _a5A/8 Ansari Road
_bNew Delhi
_e110002
300 _a215p.
_c22cm(pbk)
500 _aIncludes bibliographical references and index
650 _a Migraine
_vPopular works
700 _aSudderth, David
942 _2ddc
_cEN
_h616.857
_mKAN
999 _c76452
_d76452